Detalles MARC
| 000 -LIDER |
| fixed length control field |
01082nam a22003137a 4500 |
| 001 - NÚMERO DE CONTROL |
| Identificador de número de control |
000303 |
| 003 - IDENTIFICACDOR DE NÚMERO DE CONTROL |
| control field |
DO-SdBPM |
| 005 - DATE AND TIME OF LATEST TRANSACTION |
| control field |
20250115094227.0 |
| 007 - CAMPOS FIJOS DE DESCRIPCIÓN FÍSICA |
| fixed length control field |
000303 |
| 008 - ELEMENTOS DE LONGITUD FIJA |
| fixed length control field |
160623b2001 cu || 00| 0 spa d |
| 020 ## - ISBN |
| International Standard Book Number |
9597006111 |
| 040 ## - FUENTE DE CATALOGACIÓN |
| Agencia que crea de manera original el registro |
DO-SdBPM |
| Idioma de catalogación |
spa |
| Agencia que realiza la transcripción |
BPMSU |
| 082 #4 - NÚMERO DE CLASIFICACIÓN DECIMAL DE DEWEY |
| Classification number |
914.4361 |
| Item number |
M378e 2001 |
| Edition number |
22 |
| 100 1# - ASIENTO PRINCIPAL -- NOMBRE PERSONAL |
| Nombre personal |
Martí, José, |
| Fechas asociadas con el nombre |
1853-1895. |
| 210 ## - TITULO ABREVIADO |
| Enlace |
|
| 245 13 - MENCIÓN DE TITULO |
| Título |
La exposición de París / |
| Mención de responsabilidad |
José Martí ; investigación, presentación, estudio valorativo y notas, Salvador Arias. |
| 260 ## - PUBLICACIÓN, DISTRIBUCIÓN, ETC. (PIE DE IMPRENTA) |
| Lugar de publicación, distribución, etc |
La Habana : |
| Nombre del editor, distribuidor, etc. |
Centro de Estudios Martianos, |
| Fecha de publicación, distribución, etc |
2001. |
| 300 ## - DESCRIPCIÓN FÍSICA |
| Extensión |
vii, 141 p. ; |
| Dimensiones |
18 cm. |
| 490 0# - MENCIÓN DE SERIES |
| Mención de serie |
La edad de oro. |
| 500 ## - NOTA GENERAL |
| Nota general |
Incluye referencias bibliográficas y notas al pie de las páginas. |
| 504 ## - NOTA DE BIBLIOGRAFÍA, ETC. |
| Bibliography, etc |
Bibliografía : p. 117-118 |
| 590 ## - NOTA LOCAL |
| Texto de la nota local |
Inventariado, 2025/VM |
| 600 14 - ENCABEZAMIENTO DE MATERIA--NOMBRE PERSONAL |
| Nombre personal |
Martí, José, |
| Fechas asociadas con el nombre |
1853-1895 |
| Subdivisión temática general |
Crítica e interpretación |
| 651 #4 - ENCABEZAMIENTO DE MATERIA--NOMBRE GEOGRÁFICO |
| Nombre geográfico |
París (Francia) |
| Subdivisión temática general |
Descripciones y viajes. |
| 700 1# - ASIENTO SECUNDARIO -- NOMBRE PERSONAL |
| Nombre personal |
Arias, Salvador, |
| Fechas asociadas con el nombre |
1935- |
| 700 1# - ASIENTO SECUNDARIO -- NOMBRE PERSONAL |
| Nombre personal |
López Ugarte, Ela, |
| Fechas asociadas con el nombre |
editor |
| 910 ## - VALIDACIÓN |
| Validación |
VMateo V. Control de calidad. BPMSU |
| 942 ## - ADDED ENTRY ELEMENTS (KOHA) |
| Source of classification or shelving scheme |
Dewey Decimal Classification |
| Koha item type |
Libros |